Warner Bros. Pictures Animation Movies - Statistics

General Stats
  • This quiz has been taken 51 times
    25 since last reset
  • The average score is 6 of 12
Answer Stats
Year Movie % Correct
2014 The Lego Movie
76%
2017 The Lego Ninjago Movie
59%
2017 The Lego Batman Movie
53%
2019 The Lego Movie 2: the Second Part
53%
2020 Scoob!
47%
2016 Storks
47%
2021 Tom & Jerry
47%
2018 Smallfoot
41%
2021 Space Jam: A New Legacy
41%
2022 DC League of Super-Pets
35%
2026 The Cat in the Hat
35%
2026 Thing One and Thing Two
18%
No matching quizzes found
Score Distribution
Percent of People with Each Score
Percentile by Number Answered
Your Score History
You have not taken this quiz since the last reset